00484nam a2200193 a 4500001001300000003000900013005001700022008004100039020000800080082001500088100002900103245001600132260004100148300000800189500003500197505001000232650001900242700002900261nice12345678IN_TiNIC20260116011300.0050524s1952 lona grp 000 0 eng  ac000a270.1bREN aRengstorf, Karl Heinrich aApostleship aLondonbAdam and Charles Blackc1952 a76p aincludes index and biblioraphy2 aIndex aChurch-History1 aRengstorf, Karl Heinrich